000 00746nam a22002297a 4500
003 0
005 20250911134739.0
008 250911b xxu||||| |||| 00| 0 eng d
020 _a978-1-266-88376-7
050 _aHF 5656
_b.B56 2024
100 _aBlocher, Edward J.,
_eauthor.
245 _aCost management :
_ba strategic emphasis /
_cEdward J. Blocher, Paul E. Juras, and Steven D. Smith.
260 _aNew York, NY :
_bMcGraw Hill LLC,
_c2024.
300 _axxvi, 966 pages :
_bcolored illustrations ;
_c28 cm.
504 _aIncludes index.
650 _aCost accounting.
650 _aManagerial accounting.
650 _aCost control.
700 _aJuras, Paul E.,
_eauthor.
700 _aSmith, Steven D.,
_eauthor.
942 _2lcc
_cBK
999 _c367893
_d367893